Statistics for Most Populated Cities in Portugal by Picture

Click here to take the quiz!

General Stats

  • This quiz has been taken 7 times
  • The average score is 6 of 16

Answer Stats

Answer% Correct
Lisbon
100%
Porto
86%
Braga
57%
Funchal
57%
Amadora
43%
Aveiro
43%
Coimbra
43%
Vila Nova de Gaia
43%
Agualva-Cacém
29%
Queluz
29%
Setúbal
29%
Almada
14%
Odivelas
14%
Rio Tinto
14%
Viseu
14%
Barriero
0%

Score Distribution

Percentile by Number Answered

Percent of People with Each Score

Your Score History

You have not taken this quiz